| 000 -CABECERA |
| fixed length control field |
01174nam a22002657i 4500 |
| 003 - IDENTIFICADOR DEL NÚMERO DE CONTROL |
| control field |
AR-CdUCM |
| 008 - DATOS DE LONGITUD FIJA--INFORMACIÓN GENERAL |
| fixed length control field |
250129b20082008 pe||||| |||| 00| 0 spa d |
| 040 ## - FUENTE DE LA CATALOGACIÓN |
| Agencia/entidad que catalogó originalmente la obra |
MUNICIPALIDAD PROVINCIAL DEL CUSCO |
| Entidad que transcribió la catalogación |
BIBLIOTECA MUNICIPAL DEL CUSCO |
| 082 ## - NÚMERO DE LA CLASIFICACIÓN DECIMAL DEWEY |
| No. de Clasificación |
985.41 / C47 |
| Notacion interna |
C47 |
| 100 ## - ENTRADA PRINCIPAL--NOMBRE DE PERSONA |
| Nombre Personal |
|
| 110 ## - ENTRADA PRINCIPAL--NOMBRE DE ENTIDAD CORPORATIVA |
| Nombre de la institución, jurisdicción como entrada principal |
Centro de Estudios Arequipeños - Universidad Nacional de San Agustín |
| 9 (RLIN) |
50990 |
| 245 ## - MENCIÓN DE TÍTULO |
| Título |
Arequipa a través del tiempo : |
| Resto del título |
Política, Cultura y Sociedad / |
| 260 ## - PUBLICACIÓN, DISTRIBUCIÓN, ETC. |
| Lugar de publicación, distribución, etc. |
Arequipa : |
| Fecha de publicación, distribución, etc. |
2008 |
| 300 ## - DESCRIPCIÓN FÍSICA |
| Nº de Páginas Extensión |
169 páginas. : |
| Dimensiones |
20x15 cm. |
| 500 ## - NOTA GENERAL |
| Bibliografía |
Bibliografía: páginas164-136 |
| 505 ## - NOTA DE CONTENIDO CON FORMATO |
| Nota de contenido formateada |
Arte rupestre en Arequipa -- Reflexiones a cerca del proceso cultural y legitimación inca en Arequipa -- Repensando la rebelión de los pasquines -- Poder y conflicto en el primer periodo de Arequipa "la primavera de Arequipa" 1825 |
| 650 ## - PUNTO DE ACCESO ADICIONAL DE MATERIA--TÉRMINO DE MATERIA |
| Descriptor |
Arte rupestre |
| 9 (RLIN) |
12199 |
| 650 ## - PUNTO DE ACCESO ADICIONAL DE MATERIA--TÉRMINO DE MATERIA |
| Descriptor |
Incas en Arequipa |
| 9 (RLIN) |
50981 |
| 650 ## - PUNTO DE ACCESO ADICIONAL DE MATERIA--TÉRMINO DE MATERIA |
| Descriptor |
Proceso Cultural |
| 9 (RLIN) |
50982 |
| 650 ## - PUNTO DE ACCESO ADICIONAL DE MATERIA--TÉRMINO DE MATERIA |
| Descriptor |
Poder y conflicto |
| 9 (RLIN) |
50983 |
| 700 ## - PUNTO DE ACCESO ADICIONAL--NOMBRE DE PERSONA |
| Nombre Personal |
(Editores) Espinoza de la Borda, Álvaro - Calderón Valenzuela, Fernando - Tacca Quispe |
| 9 (RLIN) |
50994 |
| 942 ## - ELEMENTOS DE PUNTO DE ACCESO ADICIONAL (KOHA) |
| Fuente de clasificación |
|
| Tipo de item |
Libros-BMC |
| 945 ## - PROCESAMIENTO DE INFORMACIÓN LOCAL (OCLC) |
| Catalogador |
pbjr |
| AAAA-MM-DD - Fecha de ingreso o modificacion |
29-01-2025 |